banner koha

Yellow passion fruit in overhead trellis system do not differ in diseases intensity and is more productive compared to vertical trellis system (Registro n. 338803)

MARC details
000 -LÍDER
fixed length control field 04308nab a2200349 i 4500
003 - CÓDIGO MARC DA AGÊNCIA CATALOGADORA
Campo de controle BR-BrBNA
005 - DATA E HORA DA ÚLTIMA ATUALIZAÇÃO
Campo de controle 20251024105005.0
008 - CAMPO DE TAMANHO FIXO
fixed length control field 251024b2018 bl.|r|pooa||| 00| 0 eng |
040 ## - FONTE DA CATALOGAÇÃO
Agência catalogadora BR-BrBNA
Idioma da catalogação eng
072 ## - CATEGORIA AGRIS
Código AGRIS H20
Código do objeto 1123
072 ## - CATEGORIA AGRIS
Código AGRIS F01
072 ## - CATEGORIA AGRIS
Código AGRIS H01
100 ## - ENTRADA PRINCIPAL - NOME PESSOAL
Nome pessoal Monzani, Rodrigo Martins
100 ## - ENTRADA PRINCIPAL - NOME PESSOAL
Nome pessoal Duarte, Henrique da Silva Silveira
100 ## - ENTRADA PRINCIPAL - NOME PESSOAL
Nome pessoal Mio, Louise Larissa May De
245 ## - TÍTULO PRINCIPAL
Título principal Yellow passion fruit in overhead trellis system do not differ in diseases intensity and is more productive compared to vertical trellis system
500 ## - NOTA GERAL
Nota geral <br/>Publicação online; 28 ref.; 3 illus.; Summaries (En, Pt)
942 ## - ADDED ENTRY ELEMENTS (KOHA)
Koha item type Analítica
520 ## - NOTA DE RESUMO
Nota de conteúdo <br/><br/><br/>Abstract - Brazil is the largest producer of passion fruit worldwide, however diseases have been reducing passion fruit productivity, and limiting its cultivation for several years in a row in the same area. The proposal of this study was to evaluate diseases intensity and productivity of yellow passion fruit in vertical and overhead trellis systems, during two seasons, in annual cycle. The experiment was realized in a commercial orchard of yellow passion fruit in the municipality of Araquari, SC, in the 2013/14 and 2014/15 seasons. The treatments were vertical and overhead trellis systems, tested in a randomized complete block design, with eight replications. The agronomic practices were performed according to the culture recommendations and naturally pollinated althoght no disease control was applied. Anthracnose, bacterial blight, cladosporiosis and passion fruit woodiness severities were assessed in two seasons, from December to June, after establishment of the trellis systems. Production of fruits per plant and estimated productivity were determined in both seasons. There were no differences in diseases severity in both systems and seasons. The overhead trellis system was more productive than the vertical trellis system, 78.1% and 57.1% respectively, in the 2013/14 and 2014/15 seasons. Overhead trellis system showed to be the most adequate for yellow passion fruit production.<br/><br/><br/><br/>Index Terms: Passiflora edulis flavicarpa – plant architecture – disease severity – foliar diseases – productivity
520 ## - NOTA DE RESUMO
Nota de conteúdo <br/><br/><br/>Resumo - O Brasil é o principal produtor mundial de maracujá, mas as ocorrências de doenças têm reduzido sua produtividade e limitado seu cultivo por vários anos em sequência na mesma área. O objetivo deste trabalho foi avaliar a severidade de doenças e a produtividade nos sistemas de condução em espaldeira e em caramanchão durante duas safras, em cultivo anual. Nas safras de 2013/2014 e 2014/2015 o trabalho foi realizado em pomar comercial de maracujazeiro-amarelo em Araquari-SC, testando-se como tratamentos os sistemas de condução em espadeira e em caramanchão em DBC, com oito repetições. Foram realizados os tratos culturais recomendados para a cultura, polinização natural e avaliadas nas duas safras a intensidade da antracnose, da mancha-bacteriana, da cladosporiose e da virose do endurecimento no fruto, de dezembro a junho, a partir do estabelecimento dos sistemas de condução. A produção de frutos por planta e a produtividade estimada foram determinadas. Não houve diferenças nas severidades das doenças avaliadas nos dois sistemas e safras. O sistema em caramanchão mostrou-se mais produtivo (78,1% e 57,1%) do que o sistema em espaldeira, nas safras de 2013/2014 e 2014/2015, respectivamente, demonstrando ser o melhor sistema de condução para o maracujazeiro-amarelo.<br/><br/><br/><br/>Termos para Indexação: Passiflora edulis flavicarpa – arquitetura de planta – doenças foliares – severidade de doenças – produtividade.
650 ## - ASSUNTO - THESAGRO
Cabeçalho tópico ou nome geográfico MARACUJÁ
650 ## - ASSUNTO - THESAGRO
Cabeçalho tópico ou nome geográfico DOENÇA DE PLANTA
650 ## - ASSUNTO - THESAGRO
Cabeçalho tópico ou nome geográfico MANCHA BACTERIANA
650 ## - ASSUNTO - THESAGRO
Cabeçalho tópico ou nome geográfico ANTRACNOSE
650 ## - ASSUNTO - THESAGRO
Cabeçalho tópico ou nome geográfico PERDA DA PRODUÇÃO
650 ## - ASSUNTO - THESAGRO
Cabeçalho tópico ou nome geográfico LEVANTAMENTO FITOSSANITÁRIO
650 ## - ASSUNTO - THESAGRO
Cabeçalho tópico ou nome geográfico PRÁTICA CULTURAL
650 ## - ASSUNTO - THESAGRO
Cabeçalho tópico ou nome geográfico DEFESA VEGETAL
773 0# - ENTRADA ANALÍTICA
Host Biblionumber 805
Registro do item 317033
Imprenta Jaboticabal-SP Sociedade Brasileira de Fruticultura 1978
Outro identificador 2024-3595
Título Revista Brasileira de Fruticultura (Brazil)
ISSN 0100-2945
Colação v. 40(2) p. 1-10; (2018)
Número de controle de registro BR2025004295
856 ## - ACESSO E ENDEREÇO ELETRÔNICO
Identificador uniforme de recurso - URI https://www.scielo.br/j/rbf/a/d8MqcLkxdzWHSWS5kjpzdnq/?format=pdf&lang=en

Nenhum exemplar disponível.

BINAGRI

Telefone: (61)3218-2567/2388/3357/2097 - binagri@agro.gov.br

Ministério da Agricultura e Pecuária , Esplanada dos Ministérios, Bloco D, Anexo B, Brasília/DF, CEP: 70.043-900